Normal view
MARC view
- Fundamentals of Combustion Engineering.NUSTTB2022
Entry Topical Term
001 - CONTROL NUMBER
- control field: 102803
003 - CONTROL NUMBER IDENTIFIER
- control field: NUST
005 - DATE AND TIME OF LATEST TRANSACTION
- control field: 20221117120142.0
008 - FIXED-LENGTH DATA ELEMENTS
- fixed length control field: 221117|| aca||aabn | a|a d
040 ## - CATALOGING SOURCE
- Original cataloging agency: NUST
- Transcribing agency: NUST
150 ## - HEADING--TOPICAL TERM
- Topical term or geographic name entry element: Fundamentals of Combustion Engineering.NUSTTB2022
670 ## - SOURCE DATA FOUND
- Source citation: Work cat.: (NUST)591254: Mukhopadhyay, Achintya 98305, Fundamentals of Combustion Engineering, 2019.
